Những thói quen tốt học sinh cần rèn luyện

Tallennettuna:
Bibliografiset tiedot
Päätekijä: Trương, Mỹ Quyên
Aineistotyyppi: Kirja
Kieli:Undetermined
Julkaistu: Hà Nội Bách khoa Hà Nội 2012
Aiheet:
Tagit: Lisää tagi
Ei tageja, Lisää ensimmäinen tagi!
Thư viện lưu trữ: Trung tâm Học liệu Trường Đại học Cần Thơ
LEADER 00568nam a2200181Ia 4500
001 CTU_194108
008 210402s9999 xx 000 0 und d
020 |c 32000 
082 |a 649.68 
082 |b Qu527 
100 |a Trương, Mỹ Quyên 
245 0 |a Những thói quen tốt học sinh cần rèn luyện 
245 0 |c Trương Mỹ Quyên biên soạn 
260 |a Hà Nội 
260 |b Bách khoa Hà Nội 
260 |c 2012 
650 |a Child rearing,Nuôi dạy trẻ 
980 |a Trung tâm Học liệu Trường Đại học Cần Thơ